Elements of the Periodic Table Given Symbols - Statistics

General Stats
  • This quiz has been taken 72 times
  • The average score is 69 of 118
Answer Stats
Hint Answer % Correct
He Helium
100%
H Hydrogen
100%
Li Lithium
100%
Ne Neon
97%
N Nitrogen
97%
Al Aluminum
95%
Be Beryllium
95%
B Boron
95%
C Carbon
95%
Mg Magnesium
95%
O Oxygen
95%
K Potassium
95%
Si Silicon
95%
Ca Calcium
92%
F Fluorine
92%
Na Sodium
92%
Cl Chlorine
90%
Cu Copper
90%
S Sulfur
90%
Zn Zinc
90%
Ar Argon
87%
As Arsenic
87%
Fe Iron
87%
Ag Silver
87%
Br Bromine
85%
Co Cobalt
85%
Ni Nickel
85%
Ti Titanium
82%
Au Gold
79%
Kr Krypton
79%
Mn Manganese
79%
Xe Xenon
79%
Cr Chromium
77%
Ga Gallium
77%
Ge Germanium
77%
Sc Scandium
77%
U Uranium
77%
I Iodine
74%
Pb Lead
74%
Sn Tin
74%
Pt Platinum
72%
Rb Rubidium
72%
Se Selenium
72%
V Vanadium
69%
Y Yttrium
69%
Zr Zirconium
69%
Ba Barium
67%
Cd Cadmium
67%
Cs Caesium
67%
Sr Strontium
67%
W Tungsten
67%
Rn Radon
64%
Fr Francium
62%
Hg Mercury
62%
Pu Plutonium
62%
Sb Antimony
59%
Bi Bismuth
56%
In Indium
56%
Np Neptunium
56%
Pd Palladium
56%
Ra Radium
56%
Ir Iridium
54%
Os Osmium
54%
Rh Rhodium
54%
Te Tellurium
54%
Cf Californium
51%
Ce Cerium
51%
Es Einsteinium
51%
Am Americium
49%
Mo Molybdenum
49%
Ac Actinium
46%
Eu Europium
46%
Hf Hafnium
46%
Po Polonium
46%
Ru Ruthenium
46%
Rf Rutherfordium
46%
Tc Technetium
46%
P Phosphorous
41%
Re Rhenium
41%
Th Thorium
41%
Yb Ytterbium
41%
At Astatine
38%
Cm Curium
38%
Db Dubnium
38%
Er Erbium
38%
La Lanthanum
38%
Nd Neodymium
38%
Nb Niobium
38%
Sm Samarium
36%
Ts Tennessine
36%
Tl Thallium
36%
Dy Dysprosium
33%
Gd Gadolinium
33%
No Nobelium
33%
Og Oganesson
33%
Pr Praseodymium
33%
Sg Seaborgium
33%
Bk Berkelium
31%
Bh Bohrium
31%
Fm Fermium
31%
Ho Holmium
31%
Lr Lawrencium
31%
Lv Livermorium
31%
Md Mendelevium
31%
Pm Promethium
31%
Ta Tantalum
31%
Tb Terbium
31%
Nh Nihonium
28%
Lu Lutetium
26%
Rg Roentgenium
26%
Cn Copernicium
23%
Hs Hassium
23%
Mt Meitnerium
23%
Ds Darmstadtium
21%
Fl Flerovium
21%
Mc Moscovium
21%
Pa Protactinium
21%
Tm Thulium
15%
No matching quizzes found
Score Distribution
Percent of People with Each Score
Percentile by Number Answered
Your Score History
You have not taken this quiz